| 000 | 01944nam a2200229Ia 4500 | ||
|---|---|---|---|
| 003 | Ost | ||
| 005 | 20260507075600.0 | ||
| 008 | 260507s9999||||xx |||||||||||||| ||und|| | ||
| 040 | _cfsecg | ||
| 041 | _aara | ||
| 082 | _a330 | ||
| 100 |
_aجوارتني، جيمس _eمؤلف |
||
| 245 | 0 |
_aالاقتصاد الجزئي : _bالاختيار الخاص والعام / _c جيمس جوارتني |
|
| 260 |
_aالرياض: _bدار المريخ للنشر, _c1987 |
||
| 300 |
_a751 صفحة؛ _bإيضاحات ؛ _c24 سم |
||
| 504 | _aملاحق ص.733 | ||
| 520 | _aالمنهجية الاقتصادية, بعض الادوات التحليلية الاقتصادية, العرض و الطلب و تفاعلات السوق و كذا العرض و الطلب في القطاع العام, الطلب و اختيار المستهلك, التكاليف و عرض السلع, المنشأة في ظل المنافسة الكاملة , الاحتكار و موانع الدخول, الحالات الوسيطة: المنافسة الاحتكارية و احتكار القلة اضافة الى هيكل قطاع الاعمال بين التقييد و عدم التقييد, العرض و الطلب على عناصر الانتاج, الكسب و المهارات و سوق العمل, راس المال و الفائدة و الربح, الاتحادات العمالية و المساومة الجماعية, تفاوت الدخل و قابلية للانتقال و المعركة ضد الفقر, سوق الطاقة, مشاكل اقتصاد السوق الخيار العام: الكسب من الحكومة و الاخفاق الحكومي, كذلك التنمية الاقتصادية و نمو الدخل و اخيرا النظم الاقتصادية المقارنة. | ||
| 653 | _aالاقتصاد | ||
| 653 | _aالاقتصاد الجزئي | ||
| 700 |
_aستروب، ريتشارد _eمؤلف ثانوي |
||
| 942 | _cكتاب | ||
| 999 |
_c45002 _d45002 |
||